Su carrera de la A a la Z / (Record no. 35837)

MARC details
000 -LEADER
campo de control de longitud fija 00646nam a2200193 i 4500
001 - NÚMERO DE CONTROL
campo de control 35837
003 - IDENTIFICADOR DE NÚMERO DE CONTROL
campo de control ES-MaACL
005 - FECHA Y HORA DE LA ÚLTIMA TRANSACCIÓN
campo de control 20250816070623.0
007 - CAMPO FIJO DE DESCRIPCIÓN FÍSICA--INFORMACIÓN GENERAL
campo de control de longitud fija t|
008 - DATOS DE LONGITUD FIJA--INFORMACIÓN GENERAL
campo de control de longitud fija 030214s1963 sp ||||1| spa d
100 1# - ENTRADA PRINCIPAL--NOMBRE DE PERSONA
Nombre de persona Boulle, André.
9 (RLIN) 30921
245 10 - MENCIÓN DEL TÍTULO
Título Su carrera de la A a la Z /
Mención de responsabilidad, etc. André Boulle ; revisión de Vicente Ruiz de Villa Colduch ; [traductor: Guillermo Lledó Vila].
260 ## - PUBLICACIÓN, DISTRIBUCIÓN, ETC.
Lugar de publicación, distribución, etc. Barcelona :
Nombre del editor, distribuidor, etc. Sagitario,
Fecha de publicación, distribución, etc. [1963]
300 ## - DESCRIPCIÓN FÍSICA
Extensión 252 p., 3 lám. :
Otras características físicas il. ;
Dimensiones 19 cm.
700 1# - ENTRADA AGREGADA--NOMBRE PERSONAL
Nombre de persona Ruiz de Villa Colduch, Vicente.
9 (RLIN) 100773
700 1# - ENTRADA AGREGADA--NOMBRE PERSONAL
Nombre de persona Lledó, Guillermo
9 (RLIN) 72743
852 ## - LOCALIZACIÓN
Ubicación ES-MaACL
Número de control de estantería C-24925
Sublocalización o colección R.53508
Holdings
Estatus retirado Estado de pérdida Estado de daño No para préstamo Biblioteca de origen Biblioteca actual Ubicación en estantería Fecha de adquisición Fuente de adquisición Total de préstamos Signatura topográfica completa Código de barras Visto por última vez Precio de reemplazo Tipo de ítem Koha
        Biblioteca del Ateneo de Madrid Biblioteca del Ateneo de Madrid Depósito 2 17/01/2008     C-24925 1037548 23/02/2023 23/02/2023 Libro impreso